Central Library OPAC University of Rajshahi

Microeconomic theory : (Record no. 18793)

MARC details
000 -LEADER
fixed length control field 00835nam a22002657a 4500
001 - CONTROL NUMBER
control field 18793
003 - CONTROL NUMBER IDENTIFIER
rucl marc code BD-RjUL
005 - DATE AND TIME OF LATEST TRANSACTION
control field 20211209000332.0
008 - FIXED-LENGTH DATA ELEMENTS--GENERAL INFORMATION
fixed length control field 140222r20061958ii a | 001 0 eng d
020 ## - INTERNATIONAL STANDARD BOOK NUMBER
International Standard Book Number 0070281017
International Standard Book Number 0070582475
035 ## - SYSTEM CONTROL NUMBER
System control number (BD-RjUL)18851
040 ## - CATALOGING SOURCE
Original cataloging agency BD-RjUL
Language of cataloging eng
Transcribing agency BD-RjUL
041 ## - LANGUAGE CODE
Language code of text/sound track or separate title eng
082 ## - DEWEY DECIMAL CLASSIFICATION NUMBER
Classification number 330.182
Author mark and year HEM 2006
100 1# - MAIN ENTRY--PERSONAL NAME
Personal name Henderson, James M.
9 (RLIN) 57945
245 ## - TITLE STATEMENT
Title Microeconomic theory :
Remainder of title a mathematical approach /
Statement of responsibility, etc. James Mitchell Henderson and Richard E Quandt
250 ## - EDITION STATEMENT
Edition statement 3rd ed.
260 ## - PUBLICATION, DISTRIBUTION, ETC. (IMPRINT)
Place of publication, distribution, etc. New Dilhi ;
-- New York :
Name of publisher, distributor, etc. Tata McGraw-Hill,
Date of publication, distribution, etc. c1980 [Reprinted 2006].
300 ## - PHYSICAL DESCRIPTION
Pagination xix, 420 p. :
Illustrations ill. ;
Size 22 cm.
504 ## - BIBLIOGRAPHY, ETC. NOTE
Bibliography, etc Includes bibliographical references and index.
650 #0 - SUBJECT ADDED ENTRY--TOPICAL TERM
Topical term or geographic name as entry element Microeconomics.
9 (RLIN) 57946
700 1# - ADDED ENTRY--PERSONAL NAME
Personal name Quandt, Richard E.
942 ## - ADDED ENTRY ELEMENTS (KOHA)
Source of classification or shelving scheme Dewey Decimal Classification
Koha item type Books
Holdings
Lost status Source of classification or shelving scheme Damaged status Not for loan Collection code Permanent Location Current Location Shelving location Date acquired Total Checkouts Total Renewals Full call number Date last seen Date checked out Copy number Koha item type Source of acquisition Cost, normal purchase price
  Dewey Decimal Classification     Non-fiction Central Library, University of Rajshahi Central Library, University of Rajshahi   22/02/2014 7   330.182 HEM 2006 30/06/2022 15/06/2022 C-35 Books    
  Dewey Decimal Classification     Non-fiction Central Library, University of Rajshahi Central Library, University of Rajshahi   14/08/1994 4   330.182 HEM 1980 04/09/2019 27/08/2019 C-2 Books Aligor library, Rajshahi 6.50
  Dewey Decimal Classification     Non-fiction Central Library, University of Rajshahi Central Library, University of Rajshahi   30/06/1981     330.182 HEM 1980 15/06/2016   C-3 Books Aligor library, Rajshahi 180.00